Beret Wearers - Statistics

General Stats
  • This quiz has been taken 96 times
  • The average score is 8 of 16
Answer Stats
Hint Answer % Correct
Argentine Marxist revolutionary Che Guevara
90%
French Impressionist painter. Water lilies. Claude Monet
84%
U.S. Army special forces Green Berets
76%
Spanish 20th-c. painter. Guernica. Pablo Picasso
74%
Argentine cowboys Gauchos
64%
Kidnapped millionaire heiress turned revolutionary Patty Hearst
59%
Ethnic group in northern Spain Basques
56%
King of the French mimes Marcel Marceau
52%
Swedish femme fatale actress. Grand Hotel. Greta Garbo
51%
German femme fatale actress. The Blue Angel. Marlene Dietrich
51%
1950’s hipsters with bongos Beatniks
44%
Jersey Shore reality star and train wreck "Snooki" Polizzi
42%
French femme fatale actress. And God Created Woman. Brigitte Bardot
38%
Citizens group that protects subway riders Guardian Angels
29%
Bebop trumpeter with upturned bell Dizzy Gillespie
15%
French Post-Impressionist painter. Card players. Paul Cézanne
14%
No matching quizzes found
Score Distribution
Percent of People with Each Score
Percentile by Number Answered
Your Score History
You have not taken this quiz